[Event "Pardubice rapid op 33rd"]
[Site "Pardubice"]
[Date "2022.07.21"]
[Round "9"]
[White "Jonsson, Gauti Pall"]
[Black "Melichar, Vojtech"]
[Result "0-1"]
[WhiteElo "2071"]
[BlackElo "1907"]
[PlyCount "38"]
[EventDate "2022.07.20"]
[EventType "swiss (rapid)"]
[EventRounds "9"]
[EventCountry "CZE"]
[SourceTitle "CBM 209 Extra"]
[Source "ChessBase"]
[SourceDate "2022.09.30"]
[SourceVersion "1"]
[SourceVersionDate "2022.09.30"]
[SourceQuality "1"]

1. e4 e5 2. Nf3 Nc6 3. d4 exd4 4. Nxd4 Nf6 5. Nxc6 bxc6 6. Bd3 d5 7. 0-0 Be7 8. e5 Ng4 9. Qe2 f6 10. f4 Bc5+ 11. Kh1 0-0 12. c4 fxe5 13. cxd5 cxd5 14. f5 Nxh2 15. Rd1 Qh4 16. Qe1 Bf2 17. Bg5 Qxg5 18. Qxf2 Qh5 19. Be2 Nf3+ 0-1

[Event "Pardubice rapid op 33rd"]
[Site "Pardubice"]
[Date "2022.07.20"]
[Round "3"]
[White "Baron, Patrik"]
[Black "Melichar, Vojtech"]
[Result "0-1"]
[WhiteElo "1800"]
[BlackElo "1907"]
[PlyCount "28"]
[EventDate "2022.07.20"]
[EventType "swiss (rapid)"]
[EventRounds "9"]
[EventCountry "CZE"]
[SourceTitle "CBM 209 Extra"]
[Source "ChessBase"]
[SourceDate "2022.09.30"]
[SourceVersion "1"]
[SourceVersionDate "2022.09.30"]
[SourceQuality "1"]

1. e4 e5 2. Nf3 Nc6 3. Bc4 Nf6 4. d4 exd4 5. e5 Ne4 6. Bd5 Nc5 7. 0-0 Be7 8. Re1 0-0 9. Nxd4 Nxd4 10. Qxd4 c6 11. Bb3 d5 12. Bf4 Ne4 13. Nd2 Bc5 14. Qa4 b5 0-1

[Event "CZE-chT2D 1617"]
[Site "Czech Republic"]
[Date "2016.11.27"]
[Round "4.3"]
[White "Bujnoch, Radek"]
[Black "Melichar, Vojtech"]
[Result "0-1"]
[WhiteElo "2271"]
[BlackElo "1911"]
[PlyCount "50"]
[EventDate "2016.10.09"]
[EventType "team-tourn"]
[EventRounds "11"]
[EventCountry "CZE"]
[SourceTitle "EXT 2022"]
[Source "ChessBase"]
[SourceDate "2021.10.06"]
[SourceVersion "1"]
[SourceVersionDate "2021.10.06"]
[SourceQuality "1"]
[WhiteTeam "Polabiny II"]
[BlackTeam "Polabiny III"]
[WhiteTeamCountry "CZE"]
[BlackTeamCountry "CZE"]

1. e4 c5 2. c3 Nf6 3. e5 Nd5 4. Bc4 Nb6 5. Bb3 d5 6. exd6 e5 7. d4 Qxd6 8. dxe5 Qxe5+ 9. Qe2 Nc6 10. Bf4 Qxe2+ 11. Nxe2 Bf5 12. Na3 Be7 13. 0-0-0 0-0 14. Ng3 Bg6 15. Rhe1 Rfd8 16. Nb5 Rxd1+ 17. Rxd1 Rd8 18. Rxd8+ Bxd8 19. Nd6 Na5 20. Be3 c4 21. Bd1 Nd5 22. Bxa7 Bg5+ 23. Be3 Nxe3 24. Nge4 Nf5+ 25. Nxg5 Nxd6 0-1

[Event "CZE-chT2D 1617"]
[Site "Czech Republic"]
[Date "2016.10.30"]
[Round "2.5"]
[White "Jurek, Miroslav"]
[Black "Melichar, Vojtech"]
[Result "1/2-1/2"]
[WhiteElo "2084"]
[BlackElo "1911"]
[PlyCount "44"]
[EventDate "2016.10.09"]
[EventType "team-tourn"]
[EventRounds "11"]
[EventCountry "CZE"]
[SourceTitle "EXT 2022"]
[Source "ChessBase"]
[SourceDate "2021.10.06"]
[SourceVersion "1"]
[SourceVersionDate "2021.10.06"]
[SourceQuality "1"]
[WhiteTeam "Jihlava Gambit"]
[BlackTeam "Polabiny III"]
[WhiteTeamCountry "CZE"]
[BlackTeamCountry "CZE"]

1. e4 c5 2. d4 cxd4 3. c3 Nf6 4. e5 Nd5 5. cxd4 d6 6. Nf3 Nc6 7. Bc4 e6 8. 0-0 Be7 9. Re1 0-0 10. a3 Qc7 11. Bxd5 exd5 12. Nc3 Be6 13. Nb5 Qd8 14. Nxd6 Bxd6 15. exd6 Qxd6 16. Qd3 Rfe8 17. Ne5 f6 18. Nxc6 Bf5 19. Qc3 Rxe1+ 20. Qxe1 Qxc6 21. Be3 Qc2 22. Qb4 Qc7 1/2-1/2

[Event "CZE-chT2D 1516"]
[Site "Czech Republic"]
[Date "2016.01.24"]
[Round "6.5"]
[White "Melichar, Vojtech"]
[Black "Gerych, Jan"]
[Result "0-1"]
[WhiteElo "1906"]
[BlackElo "1991"]
[PlyCount "66"]
[EventDate "2015.10.18"]
[EventType "team-tourn"]
[EventRounds "11"]
[EventCountry "CZE"]
[SourceTitle "EXT 2022"]
[Source "ChessBase"]
[SourceDate "2021.10.06"]
[SourceVersion "1"]
[SourceVersionDate "2021.10.06"]
[SourceQuality "1"]
[WhiteTeam "Polabiny III"]
[BlackTeam "Litovel Tatran II"]
[WhiteTeamCountry "CZE"]
[BlackTeamCountry "CZE"]

1. e4 c6 2. d4 d5 3. exd5 cxd5 4. c4 Nf6 5. Nc3 Nc6 6. Nf3 Bg4 7. cxd5 Nxd5 8. Qb3 Nb6 9. d5 Bxf3 10. gxf3 Nd4 11. Qd1 e5 12. dxe6 fxe6 13. Be3 Bc5 14. b4 0-0 15. bxc5 Nxf3+ 16. Qxf3 Rxf3 17. cxb6 axb6 18. Be2 Rh3 19. Rd1 Qc7 20. Nb5 Qe5 21. Bd4 Qe4 22. Rg1 g6 23. Nc3 Qc2 24. Rd2 Qc1+ 25. Rd1 Rxc3 26. Rxc1 Rxc1+ 27. Bd1 Rd8 28. Rg4 Rc4 29. Bb3 Rcxd4 30. Bxe6+ Kg7 31. Rg3 Re4+ 32. Re3 Rxe3+ 33. fxe3 Re8 0-1

[Event "Stare Mesto op"]
[Site "Stare Mesto"]
[Date "2014.08.09"]
[Round "2"]
[White "Michalicka, Milan"]
[Black "Melichar, Vojtech"]
[Result "1/2-1/2"]
[WhiteElo "2254"]
[BlackElo "1967"]
[PlyCount "67"]
[EventDate "2014.08.08"]
[EventType "swiss"]
[EventRounds "10"]
[EventCountry "CZE"]
[SourceTitle "CBM 162 Extra"]
[Source "ChessBase"]
[SourceDate "2014.10.17"]
[SourceVersion "1"]
[SourceVersionDate "2014.10.17"]
[SourceQuality "1"]

1. Nf3 Nf6 2. c4 g6 3. b4 Bg7 4. Bb2 0-0 5. g3 a5 6. b5 d5 7. cxd5 Qxd5 8. Nc3 Qh5 9. Bg2 Bh3 10. 0-0 Nbd7 11. Qc2 Rfe8 12. Rfc1 Ng4 13. Bh1 e5 14. Ne4 Ngf6 15. Neg5 e4 16. Nxh3 Qxh3 17. Bg2 Qh5 18. Nd4 Nd5 19. Bxe4 Nb4 20. Qb1 Bxd4 21. Bxd4 Qxe2 22. d3 Ne5 23. Re1 Nf3+ 24. Bxf3 Qxf3 25. Re3 Rxe3 26. Bxe3 Re8 27. Qd1 Qd5 28. Rc1 Qxb5 29. Rxc7 Nd5 30. a4 Nxe3 31. fxe3 Qb6 32. Qc1 Rxe3 33. Kh1 Rxd3 34. Rc8+ 1/2-1/2

[Event "Pardubice Chladek&Tintera op"]
[Site "Pardubice"]
[Date "2014.07.17"]
[Round "9"]
[White "Rivonenko, Vladislav"]
[Black "Melichar, Vojtech"]
[Result "1-0"]
[WhiteElo "1985"]
[BlackElo "1956"]
[PlyCount "59"]
[EventDate "2014.07.16"]
[EventType "swiss (rapid)"]
[EventRounds "9"]
[EventCountry "CZE"]
[SourceTitle "EXT 2015"]
[Source "ChessBase"]
[SourceDate "2014.11.20"]
[SourceVersion "1"]
[SourceVersionDate "2014.11.20"]
[SourceQuality "1"]

1. e4 c5 2. Nf3 d6 3. d4 cxd4 4. Qxd4 Nc6 5. Bb5 Bd7 6. Bxc6 Bxc6 7. Nc3 Nf6 8. Bg5 e6 9. 0-0-0 Be7 10. Qd3 0-0 11. Nd4 d5 12. e5 Nd7 13. Bxe7 Qxe7 14. f4 Nc5 15. Qf3 Rfc8 16. Kb1 Qc7 17. Ncb5 Bxb5 18. Nxb5 Qa5 19. Nd6 Rc6 20. g4 Ra6 21. a3 Rb6 22. f5 Ne4 23. fxe6 Nxd6 24. exd6 fxe6 25. Rhf1 h6 26. g5 Qb5 27. b3 hxg5 28. Qf7+ Kh7 29. Rf3 g4 30. Rg1 1-0

[Event "CZE-chT2D 1314"]
[Site "Czech Republic"]
[Date "2014.02.16"]
[Round "8.7"]
[White "Melichar, Vojtech"]
[Black "Duczynski, Martin"]
[Result "1/2-1/2"]
[WhiteElo "1939"]
[BlackElo "2145"]
[PlyCount "85"]
[EventDate "2013.11.03"]
[EventType "team-tourn"]
[EventRounds "11"]
[EventCountry "CZE"]
[SourceTitle "EXT 2016"]
[Source "ChessBase"]
[SourceDate "2015.10.08"]
[SourceVersion "1"]
[SourceVersionDate "2015.10.08"]
[SourceQuality "1"]
[WhiteTeam "Polabiny III"]
[BlackTeam "Jicin II"]
[WhiteTeamCountry "CZE"]
[BlackTeamCountry "CZE"]

1. e4 d5 2. exd5 Nf6 3. d4 Nxd5 4. Nf3 Bg4 5. h3 Bxf3 6. Qxf3 c6 7. c4 Nb6 8. Be3 e6 9. Nc3 Bb4 10. a3 Bxc3+ 11. bxc3 N8d7 12. Bd3 Qe7 13. 0-0 0-0 14. Rfe1 Rfe8 15. Bf4 Nf8 16. a4 Ng6 17. Bg3 Qd7 18. a5 Nc8 19. Be4 Nce7 20. Rab1 Rad8 21. Qe2 Qc8 22. Qb2 Rd7 23. Qb4 Qa8 24. Re2 Rc8 25. Qc5 Rcd8 26. Reb2 a6 27. h4 Nf8 28. h5 Qc8 29. h6 Nfg6 30. hxg7 Kxg7 31. Qg5 Ng8 32. f4 f5 33. Bd3 Nf6 34. Bh4 Rf8 35. Re2 Rdf7 36. Rbe1 Re8 37. Qg3 Nh5 38. Qh2 Nhxf4 39. Re3 Nxd3 40. Rxd3 Qc7 41. Qxc7 Rxc7 42. Bf2 Rd7 43. d5 1/2-1/2

[Event "CZE-chTE U20 1314"]
[Site "Czech Republic"]
[Date "2013.12.07"]
[Round "5.2"]
[White "Melichar, Vojtech"]
[Black "Kantor, Tomas1111"]
[Result "1-0"]
[WhiteElo "1939"]
[BlackElo "1250"]
[PlyCount "21"]
[EventDate "2013.10.12"]
[EventType "team-tourn"]
[EventRounds "11"]
[EventCountry "CZE"]
[SourceTitle "EXT 2015"]
[Source "ChessBase"]
[SourceDate "2014.11.20"]
[SourceVersion "1"]
[SourceVersionDate "2014.11.20"]
[SourceQuality "1"]
[WhiteTeam "Polabiny (U20)"]
[BlackTeam "Polabiny (U20) II"]
[WhiteTeamCountry "CZE"]
[BlackTeamCountry "CZE"]

1. e4 e5 2. Nf3 Nf6 3. Bc4 d5 4. exd5 e4 5. Nd4 Bc5 6. Nb3 Qd6 7. Nc3 Bg4 8. Be2 Bxe2 9. Qxe2 0-0 10. Nxe4 Nbd7 11. Nxd6 1-0

[Event "CZE-chT1E 1314"]
[Site "Czech Republic"]
[Date "2013.11.24"]
[Round "3.8"]
[White "Melichar, Vojtech"]
[Black "Walek, Petr"]
[Result "0-1"]
[WhiteElo "1939"]
[BlackElo "2080"]
[PlyCount "96"]
[EventDate "2013.10.20"]
[EventType "team-tourn"]
[EventRounds "11"]
[EventCountry "CZE"]
[SourceTitle "EXT 2015"]
[Source "ChessBase"]
[SourceDate "2014.11.20"]
[SourceVersion "1"]
[SourceVersionDate "2014.11.20"]
[SourceQuality "1"]
[WhiteTeam "Polabiny"]
[BlackTeam "Dalesice Pivovar"]
[WhiteTeamCountry "CZE"]
[BlackTeamCountry "CZE"]

1. e4 c5 2. Nf3 Nc6 3. d4 cxd4 4. Nxd4 Nf6 5. Nc3 e5 6. Ndb5 d6 7. Nd5 Nxd5 8. exd5 Nb8 9. c4 Be7 10. Bd3 a6 11. Nc3 0-0 12. 0-0 f5 13. a4 a5 14. Nb5 Na6 15. Bd2 Bd7 16. Qe1 Nc5 17. Bc2 Bxb5 18. axb5 b6 19. Qe2 Bg5 20. f4 exf4 21. Bxf4 Bxf4 22. Rxf4 Qg5 23. Qf2 g6 24. Ra3 Rae8 25. Rg3 Re1+ 26. Qxe1 Qxf4 27. b3 Qd4+ 28. Kh1 f4 29. Rf3 Qe5 30. Rf1 Qe3 31. Qd1 Re8 32. Qg4 Kg7 33. h3 Rf8 34. Kh2 Qg3+ 35. Qxg3 fxg3+ 36. Kg1 Re8 37. Bd1 Re3 38. Rf3 Rxf3 39. gxf3 Kf6 40. Kg2 Ke5 41. Kxg3 Kd4 42. Kf2 Kc3 43. h4 Kd2 44. Be2 Nxb3 45. f4 Nc5 46. h5 a4 47. h6 a3 48. f5 gxf5 0-1

[Event "CZE-chTB U20 1213"]
[Site "Czech Republic"]
[Date "2013.04.13"]
[Round "10.1"]
[White "Janska, Jitka"]
[Black "Melichar, Vojtech"]
[Result "0-1"]
[WhiteElo "1897"]
[BlackElo "1815"]
[PlyCount "90"]
[EventDate "2012.10.06"]
[EventType "team-tourn"]
[EventRounds "11"]
[EventCountry "CZE"]
[SourceTitle "EXT 2015"]
[Source "ChessBase"]
[SourceDate "2014.11.20"]
[SourceVersion "1"]
[SourceVersionDate "2014.11.20"]
[SourceQuality "1"]
[WhiteTeam "Klatovy (U20)"]
[BlackTeam "Polabiny (U20) II"]
[WhiteTeamCountry "CZE"]
[BlackTeamCountry "CZE"]

1. e4 c5 2. Nf3 d6 3. d4 cxd4 4. Nxd4 Nf6 5. Nc3 a6 6. Be2 e5 7. Nf3 h6 8. 0-0 Be6 9. Re1 Be7 10. h3 0-0 11. Bf1 Nbd7 12. Nd5 Nxd5 13. exd5 Bf5 14. c4 Bh7 15. b3 f5 16. Bb2 Bf6 17. Rc1 Rc8 18. b4 Re8 19. Qb3 Kh8 20. Red1 Qc7 21. Ba3 b6 22. Bb2 a5 23. a3 axb4 24. axb4 Ra8 25. Ra1 Qb7 26. Be2 Bg8 27. Bc3 Rec8 28. Rdc1 Rxa1 29. Rxa1 b5 30. c5 Bxd5 31. Qb2 dxc5 32. Nxe5 Nxe5 33. Bxe5 Bxe5 34. Qxe5 Bxg2 35. Qxf5 Be4 36. Ra7 Bxf5 37. Rxb7 c4 38. Bd1 c3 39. Rxb5 c2 40. Bxc2 Bxc2 41. Kg2 Rc3 42. Rb6 Be4+ 43. Kh2 Rf3 44. b5 Rxf2+ 45. Kg3 Rb2 0-1

[Event "CZE-chTB U20 1213"]
[Site "Czech Republic"]
[Date "2013.04.13"]
[Round "9.1"]
[White "Melichar, Vojtech"]
[Black "Skalicky, Tomas"]
[Result "1/2-1/2"]
[WhiteElo "1815"]
[BlackElo "1960"]
[PlyCount "92"]
[EventDate "2012.10.06"]
[EventType "team-tourn"]
[EventRounds "11"]
[EventCountry "CZE"]
[SourceTitle "EXT 2015"]
[Source "ChessBase"]
[SourceDate "2014.11.20"]
[SourceVersion "1"]
[SourceVersionDate "2014.11.20"]
[SourceQuality "1"]
[WhiteTeam "Polabiny (U20) II"]
[BlackTeam "Ricany (U20)"]
[WhiteTeamCountry "CZE"]
[BlackTeamCountry "CZE"]

1. e4 c6 2. d4 d5 3. exd5 cxd5 4. c4 Nf6 5. Nc3 Nc6 6. Nf3 Bg4 7. cxd5 Nxd5 8. Qb3 Bxf3 9. gxf3 e6 10. Qxb7 Nxd4 11. Bb5+ Nxb5 12. Qc6+ Ke7 13. Qxb5 Qd7 14. Nxd5+ Qxd5 15. Qxd5 exd5 16. Be3 Ke6 17. Rc1 Bb4+ 18. Ke2 Rhc8 19. Kd3 a6 20. h3 Bd6 21. Rhe1 Kf5 22. Rxc8 Rxc8 23. Rc1 Rxc1 24. Bxc1 Ke5 25. Bd2 Bc5 26. Be3 d4 27. Bd2 Kd5 28. b4 Be7 29. a4 Bh4 30. Be1 h5 31. b5 axb5 32. axb5 Kc5 33. b6 Kxb6 34. Kxd4 Kc6 35. Ke4 g6 36. Ke5 Kd7 37. Kd5 Ke7 38. Ke5 Bf6+ 39. Kd5 Bb2 40. Bd2 Kf6 41. Ke4 Ke6 42. f4 Bf6 43. Bb4 Bg7 44. Bc5 f5+ 45. Kd3 Kd5 46. Be3 Bf6 1/2-1/2

[Event "CZE-chTB U20 1213"]
[Site "Czech Republic"]
[Date "2013.04.12"]
[Round "8.1"]
[White "Sion, David"]
[Black "Melichar, Vojtech"]
[Result "0-1"]
[WhiteElo "1841"]
[BlackElo "1815"]
[PlyCount "58"]
[EventDate "2012.10.06"]
[EventType "team-tourn"]
[EventRounds "11"]
[EventCountry "CZE"]
[SourceTitle "EXT 2015"]
[Source "ChessBase"]
[SourceDate "2014.11.20"]
[SourceVersion "1"]
[SourceVersionDate "2014.11.20"]
[SourceQuality "1"]
[WhiteTeam "Policka (U20)"]
[BlackTeam "Polabiny (U20) II"]
[WhiteTeamCountry "CZE"]
[BlackTeamCountry "CZE"]

1. Nf3 Nf6 2. b3 g6 3. Bb2 Bg7 4. g3 0-0 5. Bg2 d6 6. 0-0 e5 7. d3 Nc6 8. Nbd2 Be6 9. c4 h6 10. a3 Qd7 11. Re1 Rae8 12. b4 Nh5 13. b5 Nd8 14. Qc2 f5 15. a4 f4 16. c5 Bh3 17. cxd6 cxd6 18. Bh1 Qg4 19. Ne4 Ne6 20. Nh4 fxg3 21. fxg3 Ng5 22. Qc4+ Kh7 23. Nxd6 Re6 24. Ne4 Nxe4 25. Qxe4 Rf4 26. Qe3 Qg5 27. Nf3 Qg4 28. Qf2 e4 29. Bxg7 e3 0-1

[Event "CZE-ch U16"]
[Site "Kouty nad Desnou"]
[Date "2013.03.14"]
[Round "7"]
[White "Melichar, Vojtech"]
[Black "Skuthan, Jiri"]
[Result "1-0"]
[WhiteElo "1852"]
[BlackElo "1773"]
[PlyCount "79"]
[EventDate "2013.03.09"]
[EventType "swiss"]
[EventRounds "9"]
[EventCountry "CZE"]
[SourceTitle "EXT 2015"]
[Source "ChessBase"]
[SourceDate "2014.11.20"]
[SourceVersion "1"]
[SourceVersionDate "2014.11.20"]
[SourceQuality "1"]

1. e4 c5 2. Nf3 e6 3. d4 cxd4 4. Nxd4 Nc6 5. Nc3 a6 6. Nxc6 bxc6 7. Bd3 d5 8. 0-0 Nf6 9. Re1 Be7 10. e5 Nd7 11. Qg4 g5 12. Qh5 Bb7 13. Bd2 c5 14. b3 g4 15. Na4 Qc7 16. Rab1 d4 17. c3 dxc3 18. Bxc3 Rf8 19. Be4 0-0-0 20. Bxb7+ Kxb7 21. b4 c4 22. b5 a5 23. Qxh7 g3 24. Qe4+ Kb8 25. hxg3 Nc5 26. Nxc5 Bxc5 27. b6 Qe7 28. Qxc4 Rh8 29. b7 Rh6 30. Qa6 Ba7 31. Re4 Qc5 32. Be1 Rd2 33. Qxa7+ Qxa7 34. Bxd2 Rh8 35. Be3 Qa6 36. Bc5 Rd8 37. Bd6+ Rxd6 38. exd6 Qd3 39. Ree1 Qxd6 40. Rec1 1-0

[Event "CZE-ch U16"]
[Site "Kouty nad Desnou"]
[Date "2013.03.12"]
[Round "5"]
[White "Melichar, Vojtech"]
[Black "Kubik, Michael"]
[Result "1/2-1/2"]
[WhiteElo "1852"]
[BlackElo "2152"]
[PlyCount "122"]
[EventDate "2013.03.09"]
[EventType "swiss"]
[EventRounds "9"]
[EventCountry "CZE"]
[SourceTitle "EXT 2015"]
[Source "ChessBase"]
[SourceDate "2014.11.20"]
[SourceVersion "1"]
[SourceVersionDate "2014.11.20"]
[SourceQuality "1"]

1. e4 c6 2. d4 d5 3. exd5 cxd5 4. c4 Nf6 5. Nc3 Nc6 6. Nf3 Bg4 7. cxd5 Nxd5 8. Qb3 Bxf3 9. gxf3 e6 10. Qxb7 Nxd4 11. Bb5+ Nxb5 12. Qc6+ Ke7 13. Qxb5 Qd7 14. Nxd5+ Qxd5 15. Qxd5 exd5 16. Be3 Ke6 17. Rc1 Bb4+ 18. Ke2 Rhd8 19. Rhd1 Ba5 20. a3 Rab8 21. b4 Bb6 22. Rc6+ Kf5 23. Bxb6 axb6 24. Rc7 Ke6 25. Rdc1 Rd7 26. R1c6+ Ke7 27. b5 Ra8 28. Rxd7+ Kxd7 29. Rxb6 Rxa3 30. Rb7+ Ke6 31. Rb6+ Kf5 32. Rb7 Kf6 33. Rb6+ Ke5 34. Rb7 Ra2+ 35. Kd3 Kf6 36. Rb6+ Kg5 37. Rb7 Kf6 38. Rb6+ Ke5 39. Rb7 f5 40. f4+ Kxf4 41. Rxg7 Rxf2 42. b6 Rxh2 43. b7 Rb2 44. Rxh7 Ke5 45. Rg7 Rb3+ 46. Kc2 Rb5 47. Kd3 Kf4 48. Kd4 Kf3 49. Rf7 f4 50. Rg7 Kf2 51. Rf7 f3 52. Rg7 Ke2 53. Re7+ Kf1 54. Rf7 f2 55. Re7 Kg2 56. Rg7+ Kf3 57. Rf7+ Ke2 58. Re7+ Kd2 59. Rf7 Ke1 60. Re7+ Kf1 61. Rg7 Ke1 1/2-1/2

[Event "CZE-ch U16"]
[Site "Kouty nad Desnou"]
[Date "2013.03.12"]
[Round "4"]
[White "Skorepa, Jakub"]
[Black "Melichar, Vojtech"]
[Result "1/2-1/2"]
[WhiteElo "1707"]
[BlackElo "1852"]
[PlyCount "25"]
[EventDate "2013.03.09"]
[EventType "swiss"]
[EventRounds "9"]
[EventCountry "CZE"]
[SourceTitle "EXT 2015"]
[Source "ChessBase"]
[SourceDate "2014.11.20"]
[SourceVersion "1"]
[SourceVersionDate "2014.11.20"]
[SourceQuality "1"]

1. Nf3 Nf6 2. c4 g6 3. d4 Bg7 4. g3 0-0 5. Bg2 d6 6. Nc3 Nbd7 7. 0-0 e5 8. e4 exd4 9. Nxd4 Re8 10. h3 Nc5 11. Re1 a5 12. Ndb5 Be6 13. Nd5 1/2-1/2

[Event "CZE-ch U16"]
[Site "Kouty nad Desnou"]
[Date "2013.03.10"]
[Round "2"]
[White "Cap, Adam"]
[Black "Melichar, Vojtech"]
[Result "1/2-1/2"]
[WhiteElo "2032"]
[BlackElo "1852"]
[PlyCount "80"]
[EventDate "2013.03.09"]
[EventType "swiss"]
[EventRounds "9"]
[EventCountry "CZE"]
[SourceTitle "EXT 2015"]
[Source "ChessBase"]
[SourceDate "2014.11.20"]
[SourceVersion "1"]
[SourceVersionDate "2014.11.20"]
[SourceQuality "1"]

1. e4 c5 2. Nf3 Nc6 3. d4 cxd4 4. Nxd4 e5 5. Nb5 a6 6. Nd6+ Bxd6 7. Qxd6 Qf6 8. Qd1 Qg6 9. Nc3 Nf6 10. Qd6 Ng4 11. Qxg6 hxg6 12. Nd5 Rb8 13. f3 Nxh2 14. Kd1 Rh5 15. Bd3 d6 16. c3 Be6 17. Nc7+ Kd7 18. Nxe6 Kxe6 19. Ke2 Rbh8 20. Be3 f6 21. b4 g5 22. a4 g4 23. Rhg1 g5 24. Kf2 Ne7 25. Be2 f5 26. exf5+ Kxf5 27. Rad1 d5 28. Bc5 Ng6 29. Rxd5 Nf4 30. Bd3+ Nxd3+ 31. Rxd3 gxf3 32. gxf3 g4 33. fxg4+ Nxg4+ 34. Ke1 Rh3 35. Rd7 Rxc3 36. Kd2 Ra3 37. Rf7+ Ke6 38. Re7+ Kf5 39. Kc2 Rh2+ 40. Kb1 Rb3+ 1/2-1/2

[Event "CZE-ch U16"]
[Site "Kouty nad Desnou"]
[Date "2013.03.09"]
[Round "1"]
[White "Melichar, Vojtech"]
[Black "Navratil, Jiri"]
[Result "1/2-1/2"]
[WhiteElo "1852"]
[BlackElo "2074"]
[PlyCount "67"]
[EventDate "2013.03.09"]
[EventType "swiss"]
[EventRounds "9"]
[EventCountry "CZE"]
[SourceTitle "EXT 2015"]
[Source "ChessBase"]
[SourceDate "2014.11.20"]
[SourceVersion "1"]
[SourceVersionDate "2014.11.20"]
[SourceQuality "1"]

1. e4 c5 2. Nf3 d6 3. d4 cxd4 4. Nxd4 Nf6 5. Nc3 a6 6. Be3 e6 7. f3 Be7 8. Qd2 b5 9. g4 Bb7 10. 0-0-0 Nc6 11. h4 Nd7 12. g5 Nde5 13. Nxc6 Bxc6 14. Qd4 Qa5 15. Kb1 b4 16. Ne2 Nxf3 17. Qxg7 Bxe4 18. Bg2 Qe5 19. Qxe5 dxe5 20. Ng3 Bc6 21. Rhf1 Nd4 22. Bxd4 Bxg2 23. Bxe5 Bxf1 24. Bxh8 Bg2 25. Rd2 Rd8 26. Kc1 Bd6 27. Ne2 Bf1 28. Kd1 Bxe2+ 29. Kxe2 Bg3 30. Rxd8+ Kxd8 31. h5 Kd7 32. Kd3 Bh4 33. Bf6 Kc6 34. Kc4 1/2-1/2

[Event "CZE-chT2D 1213"]
[Site "Czech Republic"]
[Date "2013.03.03"]
[Round "10.8"]
[White "Simek, Zdenek"]
[Black "Melichar, Vojtech"]
[Result "1/2-1/2"]
[WhiteElo "1873"]
[BlackElo "1815"]
[PlyCount "69"]
[EventDate "2012.10.14"]
[EventType "team-tourn"]
[EventRounds "11"]
[EventCountry "CZE"]
[SourceTitle "EXT 2016"]
[Source "ChessBase"]
[SourceDate "2015.10.08"]
[SourceVersion "1"]
[SourceVersionDate "2015.10.08"]
[SourceQuality "1"]
[WhiteTeam "Ceska Trebova"]
[BlackTeam "Polabiny III"]
[WhiteTeamCountry "CZE"]
[BlackTeamCountry "CZE"]

1. e4 c5 2. Nf3 d6 3. c4 e5 4. Nc3 Ne7 5. Be2 g6 6. 0-0 Bg7 7. d3 0-0 8. a3 Nbc6 9. Rb1 a5 10. Bd2 f5 11. exf5 gxf5 12. Ng5 h6 13. Nh3 Nd4 14. f4 Nec6 15. Qe1 Be6 16. Bh5 Kh8 17. Kh1 b6 18. Ng1 Ra7 19. Nf3 Bf7 20. Bxf7 Raxf7 21. Nd5 Re8 22. Qh4 Nxf3 23. Qxd8 Rxd8 24. Rxf3 Rb8 25. a4 Nd4 26. Rff1 Rbb7 27. Bc3 Nc6 28. Rbe1 Ne7 29. fxe5 dxe5 30. Bxe5 Nxd5 31. cxd5 Rbd7 32. Bxg7+ Kxg7 33. Re5 f4 34. Kg1 Rd6 35. Rf3 1/2-1/2

[Event "CZE-chT2D 1213"]
[Site "Czech Republic"]
[Date "2012.11.18"]
[Round "3.8"]
[White "Melichar, Vojtech"]
[Black "Stratil, Petr"]
[Result "1/2-1/2"]
[WhiteElo "1815"]
[BlackElo "2115"]
[PlyCount "52"]
[EventDate "2012.10.14"]
[EventType "team-tourn"]
[EventRounds "11"]
[EventCountry "CZE"]
[SourceTitle "EXT 2016"]
[Source "ChessBase"]
[SourceDate "2015.10.08"]
[SourceVersion "1"]
[SourceVersionDate "2015.10.08"]
[SourceQuality "1"]
[WhiteTeam "Polabiny III"]
[BlackTeam "Sumperk"]
[WhiteTeamCountry "CZE"]
[BlackTeamCountry "CZE"]

1. e4 g6 2. Nf3 Bg7 3. Bc4 d6 4. d4 Nf6 5. Nbd2 0-0 6. 0-0 c6 7. a4 Bg4 8. Re1 d5 9. exd5 cxd5 10. Bd3 Nc6 11. c3 Qd7 12. Nb3 Rfe8 13. Bf4 Nh5 14. Bg3 Nxg3 15. hxg3 Qc7 16. Be2 Rad8 17. Qd2 Bf5 18. Bb5 a6 19. Bxc6 Qxc6 20. Re2 Bc8 21. a5 Qc7 22. Rae1 e6 23. Qf4 Qxf4 24. gxf4 Bf8 25. Ne5 Bd6 26. g3 Bd7 1/2-1/2

[Event "Czech Fed-ch U16"]
[Site "Hrdonov"]
[Date "2012.10.23"]
[Round "5"]
[White "Melichar, Vojtech"]
[Black "Bodicky, Michal"]
[Result "1-0"]
[WhiteElo "1815"]
[BlackElo "1960"]
[PlyCount "55"]
[EventDate "2012.10.20"]
[EventType "swiss"]
[EventRounds "9"]
[EventCountry "CZE"]
[SourceTitle "CBM 151 Extra"]
[Source "ChessBase"]
[SourceDate "2012.12.18"]
[SourceVersion "1"]
[SourceVersionDate "2012.12.18"]
[SourceQuality "1"]

1. e4 c5 2. Nf3 e6 3. d4 cxd4 4. Nxd4 a6 5. Bd3 Nf6 6. 0-0 d6 7. c4 Be7 8. Nc3 0-0 9. Kh1 Qc7 10. f4 Bd7 11. Qe2 Nc6 12. Nxc6 Bxc6 13. Rf3 Rfe8 14. Rh3 Nd7 15. Qh5 Nf8 16. Bd2 Rad8 17. Rf1 b5 18. cxb5 axb5 19. e5 g6 20. Qe2 Qb7 21. Be4 dxe5 22. Bxc6 Qxc6 23. fxe5 Rd7 24. Ne4 Qc4 25. Qf3 Red8 26. b3 Qxf1+ 27. Qxf1 Bg5 28. Nxg5 1-0

[Event "CZE-chTE U20 1213"]
[Site "Czech Republic"]
[Date "2012.10.07"]
[Round "3.2"]
[White "Melichar, Vojtech"]
[Black "Kostka, Vit"]
[Result "1/2-1/2"]
[WhiteElo "1815"]
[BlackElo "1836"]
[PlyCount "39"]
[EventDate "2012.10.06"]
[EventType "team-tourn"]
[EventRounds "11"]
[EventCountry "CZE"]
[SourceTitle "EXT 2015"]
[Source "ChessBase"]
[SourceDate "2014.11.20"]
[SourceVersion "1"]
[SourceVersionDate "2014.11.20"]
[SourceQuality "1"]
[WhiteTeam "Polabiny (U20) II"]
[BlackTeam "Orlova Slavia (U20)"]
[WhiteTeamCountry "CZE"]
[BlackTeamCountry "CZE"]

1. e4 c5 2. Nf3 d6 3. d4 cxd4 4. Nxd4 Nf6 5. Nc3 g6 6. Be3 Bg7 7. f3 0-0 8. Qd2 Nc6 9. g4 Nxd4 10. Bxd4 Be6 11. 0-0-0 Qa5 12. Kb1 Rfc8 13. Nd5 Qxd2 14. Nxf6+ Bxf6 15. Rxd2 Bxd4 16. Rxd4 Rc5 17. Be2 Rac8 18. c3 Bc4 19. Bxc4 Rxc4 20. Rhd1 1/2-1/2